Statistics for A Quiz about Bavaria

Click here to take the quiz!

General Stats

  • This quiz has been taken 106 times
  • The average score is 32 of 52

Answer Stats

Hint Answer % Correct
CountryGermany
99%
CapitalMunich
99%
Name in GermanBayern
97%
Capital's name in GermanMünchen
95%
Neighboring countriesAustria
93%
Well-known car manufacturersBMW
91%
Best-known Bavarian festivalOktoberfest
90%
Switzerland
90%
Most successful soccer clubFC Bayern München
86%
Nuremberg
86%
Longest riverDanube
85%
Czech Republic
85%
Dictator who gained power hereAdolf Hitler
83%
Well-known castleNeuschwanstein
78%
Highest mountainZugspitze
74%
Augsburg
72%
King who let it buildLudwig II.
71%
Regensburg
70%
Audi
70%
Concentration camp near MunichDachau
69%
His party, only operating in BavariaCSU
66%
Traditional feminine dressDirndl
66%
Stadium of ^Allianz Arena
65%
265th popeBenedict XVI
65%
River flowing through the capitalIsar
60%
Traditional bavarian sausageWeißwurst
59%
Bavarian beer mug equal to one litreMaß
57%
Minister President of BavariaHorst Seehofer
55%
Ingolstadt
55%
Local name of ^Wiesn
55%
Official title of BavariaFree state
55%
Four biggest lakesLake Constance
53%
Munich's central squareMarienplatz
52%
City often suffered from severe floodingPassau
51%
German composer, Tristan and IsoldeRichard Wagner
50%
Resort near ^, 1936 Winter OlympicsGarmisch-Partenkirchen
50%
Bavarian for "We are who we are" (Think of soccer)Mia San Mia
49%
Most famous church in MunichFrauenkirche
49%
Chiemsee
44%
Capital's name in BavarianMinga
44%
Birth name of ^Joseph Ratzinger
42%
Town where his operas were presentedBayreuth
38%
Lake Starnberg
38%
Bavarian for "It's tapped!" (Think of beer)O'zapft is
35%
Bavarian brewery founded in Munich in 1634Paulaner
34%
Well-preserved medieval old town, destination for touristsRothenburg ob der Tauber
33%
Ammersee
29%
One location of the Four Hills Tournament (Vierschanzentournee)Oberstdorf
21%
Name before 1825Baiern
21%
Munich palace, residence of the former rulers of BavariaNymphenburg Palace
17%
Reason of changing itPhilhellenism
5%

Score Distribution

Percentile by Number Answered

Percent of People with Each Score

Your Score History

You have not taken this quiz